Biology : A guide to the natural world

Uloženo v:
Podrobná bibliografie
Hlavní autor: Krogh, David
Médium: Kniha
Jazyk:Vietnamese
Vydáno: Prentice-Hall 2000
Tagy: Přidat tag
Žádné tagy, Buďte první, kdo otaguje tento záznam!
Thư viện lưu trữ: Mạng thư viện Đại học Đà Nẵng
LEADER 00611nam a2200253 4500
001 000021952
003 18400
005 20150424080423.0
008 150424s2000 viesd
020 |c 00 
041 0 |a vie 
082 1 4 |a 574  |b KR-D 
100 1 |a Krogh, David 
245 1 0 |a Biology : A guide to the natural world  |c David Krogh 
260 |b Prentice-Hall  |c 2000 
300 |a tr.  |c cm. 
OWN |a LSP 
999 |a From the UDN01 
TYP |a Monograph 
TYP |a Printed language 
980 |a Mạng thư viện Đại học Đà Nẵng